000 00541nam a2200205Ia 4500
005 20240420091934.0
008 131103s9999 xx 000 0 und d
020 _cRs.95
040 _aLoreto College
041 _aEnglish
082 _a370.1
_bSAF
100 _aShaida, B.D.
245 _aModern Theory and Principles of Education
_cB.D.Shaida and Raghunath Safaya
260 _aNew Delhi
_bDhanpatrai pub.
_c2004
300 _a512p.
650 _aEducation
700 _aSafaya, Raghunath; ed.
850 _aLCBED
942 _cBK
999 _c26368
_d76847